[Event "Trindade FEXEG Cup"]
[Site "Trindade"]
[Date "2019.05.19"]
[Round "5"]
[White "Colivet Briceno, Julio Cesar"]
[Black "Labussiere, Victor"]
[Result "0-1"]
[WhiteElo "1946"]
[BlackElo "2038"]
[PlyCount "56"]
[EventDate "2019.05.17"]
[EventType "swiss"]
[EventRounds "6"]
[EventCountry "BRA"]
[SourceTitle "CBM 190 Extra"]
[Source "ChessBase"]
[SourceDate "2019.07.15"]
[SourceVersion "1"]
[SourceVersionDate "2019.07.15"]
[SourceQuality "1"]

1. Nf3 Nf6 2. g3 d5 3. Bg2 e6 4. 0-0 Be7 5. d3 0-0 6. Nbd2 c5 7. e4 Nc6 8. e5 Nd7 9. Re1 b5 10. Qe2 Bb7 11. Nf1 Qc7 12. Bf4 Rfc8 13. h4 Qd8 14. N1h2 a5 15. Bh3 Nf8 16. h5 h6 17. Ng4 Nh7 18. Qd2 Bf8 19. c3 a4 20. Rac1 a3 21. b3 Rc7 22. Nh4 b4 23. cxb4 Nxb4 24. Rc3 Rac8 25. d4 cxd4 26. Rxc7 Rxc7 27. Rc1 Rxc1+ 28. Qxc1 Nxa2 0-1

[Event "Goiania FEXEG Cup"]
[Site "Goiania"]
[Date "2019.05.19"]
[Round "6"]
[White "Ferraz, Michel Liah"]
[Black "Colivet Briceno, Julio Cesar"]
[Result "1-0"]
[WhiteElo "1694"]
[BlackElo "1946"]
[PlyCount "56"]
[EventDate "2019.05.17"]
[EventType "swiss"]
[EventRounds "6"]
[EventCountry "BRA"]
[SourceTitle "EXT 2020"]
[Source "ChessBase"]
[SourceDate "2019.10.17"]
[SourceVersion "1"]
[SourceVersionDate "2019.10.17"]
[SourceQuality "1"]

1. d4 Nf6 2. c4 c5 3. d5 b5 4. cxb5 a6 5. Nc3 g6 6. e4 d6 7. bxa6 Bg7 8. Nf3 0-0 9. Qc2 Nxa6 10. Bxa6 Bxa6 11. Ne2 Qb6 12. 0-0 Rfb8 13. Re1 Ng4 14. Nc3 Ne5 15. Nxe5 Bxe5 16. b3 c4 17. Rb1 Qd4 18. Ne2 Qd3 19. Qxd3 cxd3 20. Nf4 g5 21. Nh3 Bc3 22. Rd1 h6 23. Be3 d2 24. Bxd2 Bd3 25. Bxc3 Bxb1 26. Rxb1 Rxa2 27. b4 Rc8 28. Be1 Rcc2 1-0

[Event "Trindade FEXEG Cup"]
[Site "Trindade"]
[Date "2019.05.17"]
[Round "1"]
[White "Colivet Gamboa, Julio Cesar"]
[Black "Colivet Briceno, Julio Cesar"]
[Result "1/2-1/2"]
[WhiteElo "1376"]
[BlackElo "1946"]
[PlyCount "25"]
[EventDate "2019.05.17"]
[EventType "swiss"]
[EventRounds "6"]
[EventCountry "BRA"]
[SourceTitle "CBM 190 Extra"]
[Source "ChessBase"]
[SourceDate "2019.07.15"]
[SourceVersion "1"]
[SourceVersionDate "2019.07.15"]
[SourceQuality "1"]

1. e4 e5 2. Nf3 Nc6 3. d4 exd4 4. Nxd4 Nf6 5. Nc3 Bb4 6. Nxc6 bxc6 7. Bd3 Bxc3+ 8. bxc3 0-0 9. 0-0 h6 10. Re1 d6 11. Ba3 Re8 12. Rb1 Be6 13. c4 1/2-1/2